• 首页
  • 本馆介绍
  • 公告通知
  • 最新文献
  • 馆藏检索
  • 电子资源
  • 读者导购
  • 参考咨询
  • 我的图书馆
  • 登录
  • 详细信息显示
  • 放入我的书架
  • 预约/预借图书
  • 作者相关作品
  • 分类相关作品
  • 丛书相关作品
  • 出版社相关作品

书目信息

  • 表格格式
  • 工作单格式
  • 卡片格式
题名:
化工与制药生产基础
    
 
作者: 张志华 主编
分册:  
出版信息: 北京   化学工业出版社  2013.10
页数: 222页
开本: 26cm
丛书名:
单 册:
中图分类: TQ02 , TQ46
科图分类:
主题词: 化工过程--高等职业教育--教材 , 制药工业--高等职业教育--教材 , 化工过程 , 制药工业
电子资源:
ISBN: 978-7-122-18016-2
000 01075nam0 2200301 450
001 012013777268
005 20140610085656.31
010    @a978-7-122-18016-2@dCNY29.00
100    @a20130923d2013 em y0chiy0110 ea
101 0  @achi
102    @aCN@b110000
105    @aak z 000yy
106    @ar
200 1  @a化工与制药生产基础@9hua gong yu zhi yao sheng chan ji chu@f张志华主编
210    @a北京@c化学工业出版社@d2013.10
215    @a222页@c图@d26cm
300    @a高职高专“十二五”规划教材
330    @a本书重点介绍化工、制药企业广泛使用的典型单元操作,以单元操作过程分析为切入点,以培养学生的工程意识和应用能力为主线,加强对机械与设备的基本原理、结构、性能、操作要点的介绍;选择了化工、制药行业的典型工艺,使学生对化工、制药生产工艺有较深入的理解。
333    @a高职
606 0  @a化工过程@x高等职业教育@j教材
606 0  @a制药工业@x高等职业教育@j教材
606 0  @a化工过程
606 0  @a制药工业
690    @aTQ02@v5
690    @aTQ46@v5
701  0 @a张志华@9zhang zhi hua@4主编
801  0 @aCN@b人天书店@c20130923
905    @b846944-47@dTQ02@e230@f4
    
    化工与制药生产基础/张志华主编.-北京:化学工业出版社,2013.10
    222页:图;26cm
    高职高专“十二五”规划教材.-使用对象:高职
    
    ISBN 978-7-122-18016-2:CNY29.00
    本书重点介绍化工、制药企业广泛使用的典型单元操作,以单元操作过程分析为切入点,以培养学生的工程意识和应用能力为主线,加强对机械与设备的基本原理、结构、性能、操作要点的介绍;选择了化工、制药行业的典型工艺,使学生对化工、制药生产工艺有较深入的理解。
●
相关链接 在E读中查询图书 在五车中查询图书 在当当中查询图书 在豆瓣中查询图书


正题名:化工与制药生产基础     索取号:TQ02/230         预约/预借

序号 登录号 条形码 馆藏地/架位号 状态 备注
1 846944   208469441   第二样本阅览室/ [索取号:TQ02/230] 在馆    
2 846945   208469450   密集书库-化学系/ [索取号:TQ02/230] 在馆    
3 846946   208469469   第三借阅区/ [索取号:TQ02/230] 在馆    
4 846947   208469478   第三借阅区/ [索取号:TQ02/230] 在馆    
唐山师范学院图书馆 欢迎您!
大连网信软件有限公司© 版权所有